Novemberi déjà vu ; Szemeidből könnyek folynak egy harmadikba és néhány megjegyzés [vers] /

Elmentve itt :
Bibliográfiai részletek
Szerző: Kurdi Fehér János
Dokumentumtípus: Cikk
Megjelent: 1984
Sorozat:Harmadkor
Kulcsszavak:Magyar irodalom - vers
Tárgyszavak:
Online Access:http://acta.bibl.u-szeged.hu/8072
LEADER 00726nab a2200205 i 4500
001 acta8072
005 20250623144840.0
008 161015s1984 hu o 000 hun d
022 |a 0237-4951 
040 |a SZTE Egyetemi Kiadványok Repozitórium  |b hun 
041 |a hun 
100 2 |a Kurdi Fehér János 
245 1 0 |a Novemberi déjà vu ; Szemeidből könnyek folynak egy harmadikba és néhány megjegyzés   |h [elektronikus dokumentum] :  |b [vers] /  |c  Kurdi Fehér János 
260 |c 1984 
300 |a 62-67 
490 0 |a Harmadkor 
650 4 |a Bölcsészettudományok 
650 4 |a Nyelvek és irodalom 
695 |a Magyar irodalom - vers 
856 4 0 |u http://acta.bibl.u-szeged.hu/8072/1/harmadkor_001_062-067.pdf  |z Dokumentum-elérés